000 02321nam0a2200493 i 4500
001 RU\NLR\BIBL_A\010401997
005 20260408104344.0
010 _a9785905212383
_9500
021 _aRU
_b2014-28688
_91769
035 _a(NILC)LIBNET\0000451085
035 _aRUCML-BIBL-0001367179
035 _a(NLR Aleph) 010401997
090 _a9712074
_c9712074
100 _a20140617d2013 u y0rusy50 ca
101 0 _arus
102 _aRU
105 _aa|||z|||001yy
200 1 _aУльтразвуковое исследование глаза и тканей орбиты при саркоидозе
_e[рекомендации]
_fФГБУ "НИИ глаз. болезней" РАМН
_g[С.Э. Аветисов и др.]
_gпод ред. акад. РАМН, проф. С.Э. Аветисова
210 _aМосква
_cАпрель
_d2013
215 _a103 с.
_cцв. ил.
_d27
320 _aБиблиогр.: с. 100-103 (85 назв.)
606 1 _aСаркоидоз глаз
_xУльтразвуковая диагностика
_92188265
_3RU\NLR\AUTH\6601551528
606 1 _aСАРКОИДОЗ
_xультрасонография
_8rus
_2rus_mesh
_3R12703-28.1
606 1 _aSARCOIDOSIS
_xultrasonography
_8eng
_2rus_mesh
_3E12703-28.1
606 1 _aГЛАЗНЫЕ БОЛЕЗНИ
_xультрасонография
_8rus
_2rus_mesh
_3R5245-28.1
606 1 _aEYE DISEASES
_xultrasonography
_8eng
_2rus_mesh
_3E5245-28.1
675 _a617.7-002.182-073.431
_v3
_zrus
686 _a76.29.56
_2rugasnti
686 _a47.55.31
_2rugasnti
686 _aC15.604.515.827 - ультрасонография
_v2014
_2MESH
686 _aC15.604.515.827 - ultrasonography
_v2014
_2MESH
686 _aC11 - ультрасонография
_v2014
_2MESH
686 _aC11 - ultrasonography
_v2014
_2MESH
686 1 _aР543.602-433.9
702 1 _aАветисов
_f1950-
_gСергей Эдуардович
_4220
712 0 2 _4570
_aНИИ глазных болезней
_cМосква
_9373752
_3RU\NLR\AUTH\8810243960
801 0 _aRU
_bЦНМБ
_c20140418
_gRCR
801 1 _aRU
_bЦНМБ
_c20140418
_2rusmarc
801 2 _aRU
_bЦНМБ
_c20140522
_2rusmarc
801 2 _aRU
_bЦНМБ
_c20140523
_2rusmarc
942 _cBOOK
980 _aNBR